• 首页
  • 本馆介绍
  • 公告通知
  • 最新文献
  • 馆藏检索
  • 电子资源
  • 读者荐购
  • 参考咨询
  • CALIS
  • 我的图书馆
  • 登录
  • 详细信息显示
  • 放入我的书架
  • 预约/预借图书
  • 作者相关作品
  • 分类相关作品
  • 丛书相关作品
  • 出版社相关作品

书目信息

  • 表格格式
  • 工作单格式
  • 卡片格式
题名:
我的世界观
    
 
作者: 爱因斯坦 著 ;张卜天 译
分册:  
出版信息: 上海   上海科学技术文献出版社  2024.07
页数: 10,11,293页
开本: 21cm
丛书名:
单 册:
中图分类: Z471.2
科图分类:
主题词:
电子资源:
ISBN: 978-7-5439-9002-9
 
 
 
 
 
000 01134nam0 2200277 450
001 013113779
005 20251023101952.27
010    @a978-7-5439-9002-9@dCNY48.00
100    @a20240905d2024 em y0chiy0120 ea
101 1  @achi@ceng
102    @aCN@b310000
105    @ay z 000yy
106    @ar
200 1  @a我的世界观@9wo de shi jie guan@e爱因斯坦@dIdeas and opinions@eA. Einstein@f(美)阿尔伯特·爱因斯坦著@g张卜天译@zeng
210    @a上海@c上海科学技术文献出版社@d2024.07
215    @a10,11,293页@d21cm
300    @a果麦经典科学大师系列
300    @a果麦
330    @a20世纪最天才的头脑里,除了物理还在思考什么?在这里,认识一个幽默可爱的爱因斯坦。爱因斯坦,是天才,是家喻户晓的物理学家。更是推动时代变革的知识分子,关心人类命运的世界公民。读这本书,与伟大灵魂进行一次深度对话。
510 1  @aIdeas and opinions@eA. Einstein@zeng
600  0 @a爱因斯坦@c(Einstein, Albert@f1879-1955)@j文集
690    @aZ471.2@v5
701  0 @c(美)@a爱因斯坦@9ai yin si tan@c(Einstein, Albert@f1879-1955)@4著
702  0 @a张卜天@9zhang bu tian@4译
801  0 @aCN@c20250911
905    @a河南城建学院图书馆@dZ471.2@eA473-3@ZA473-3@f1
    
    我的世界观:爱因斯坦=Ideas and opinions:A. Einstein/(美)阿尔伯特·爱因斯坦著/张卜天译.-上海:上海科学技术文献出版社,2024.07
    10,11,293页;21cm
    果麦经典科学大师系列.-果麦
    
    ISBN 978-7-5439-9002-9:CNY48.00
    20世纪最天才的头脑里,除了物理还在思考什么?在这里,认识一个幽默可爱的爱因斯坦。爱因斯坦,是天才,是家喻户晓的物理学家。更是推动时代变革的知识分子,关心人类命运的世界公民。读这本书,与伟大灵魂进行一次深度对话。
●
相关链接 在E读中查询图书 在当当中查询图书 在豆瓣中查询图书


正题名:我的世界观     索取号:Z471.2/A473-3         预约/预借

序号 登录号 条形码 馆藏地/架位号 状态 备注
1 1636508   216365083   自科库501/501自科库 131排2列2层/ [索取号:Z471.2/A473-3] 在馆    
河南城建学院图书馆 欢迎您!
大连网信软件有限公司© 版权所有